Anatomie d'une charpente traditionnelle sur un dessin - Statistiques

Statistiques générales
  • Ce quiz a été pris 464 fois
  • Le résultat moyen est 8 sur 18
Réponses sur la Carte
Les réponses sont colorées sur une échelle allant du rouge au vert en fonction du pourcentage des utilisateurs qui les ont devinées à leur premier essai. Vous pouvez retrouver ces pourcentages ci-dessous.
 
Statistiques - réponses
Réponse % Correct
Pannes faîtières
63%
Arbalétriers (de noue,
de croupe, d'arêtier...)
60%
Chevrons
59%
Épis de faîtage
56%
Pannes intermédiaires/filières
56%
Liteaux
55%
Échantignoles
52%
Entraits
52%
Poinçons
51%
Contrefiches
50%
Pannes sablières
50%
Voliges
47%
Jambettes
42%
Aisseliers
28%
Empannons
26%
Goussets
25%
Linçoirs
25%
Coyers
19%
Aucun quiz correspondant
Distribution des résultats
% des personnes avec chaque résultat
Percentile par nombre de réponses
Votre historique - résultats
Vous n’avez pas pris ce quiz